La contaminación en España : (Record no. 118842)

MARC details
000 -LEADER
campo de control de longitud fija 01095nam a2200265 i 4500
001 - NÚMERO DE CONTROL
campo de control 118842
003 - IDENTIFICADOR DE NÚMERO DE CONTROL
campo de control ES-MaACL
005 - FECHA Y HORA DE LA ÚLTIMA TRANSACCIÓN
campo de control 20250731063037.0
007 - CAMPO FIJO DE DESCRIPCIÓN FÍSICA--INFORMACIÓN GENERAL
campo de control de longitud fija t|
008 - DATOS DE LONGITUD FIJA--INFORMACIÓN GENERAL
campo de control de longitud fija 140916s2012 sp r ||||1| spa d
020 ## - NÚMERO INTERNACIONAL ESTÁNDAR DEL LIBRO
Número Internacional Estándar del Libro 978-84-9948-641-3
080 ## - NÚMERO DE LA CLASIFICACIÓN DECIMAL UNIVERSAL
Número de la Clasificación Decimal Universal 504.38.054(460)
080 ## - NÚMERO DE LA CLASIFICACIÓN DECIMAL UNIVERSAL
Número de la Clasificación Decimal Universal 504.3.054(460)
100 1# - ENTRADA PRINCIPAL--NOMBRE DE PERSONA
Nombre de persona Velázquez de Castro González, Federico,
Fechas asociadas al nombre 1949-
9 (RLIN) 155482
245 13 - MENCIÓN DEL TÍTULO
Título La contaminación en España :
Resto del título los efectos del ozono y del cambio climático /
Mención de responsabilidad, etc. Federico Velázquez de Castro González.
260 ## - PUBLICACIÓN, DISTRIBUCIÓN, ETC.
Lugar de publicación, distribución, etc. San Vicente [del Raspeig] Alicante :
Nombre del editor, distribuidor, etc. Club Universitario,
Fecha de publicación, distribución, etc. D.L. 2012.
300 ## - DESCRIPCIÓN FÍSICA
Extensión 107 p. :
Otras características físicas gráf., mapas ;
Dimensiones 24 cm.
504 ## - NOTA DE BIBLIOGRAFÍA, ETC.
Nota de bibliografía, etc. Bibliografía: p. 103-107.
650 #4 - PUNTO DE ACCESO ADICIONAL DE MATERIA--TÉRMINO DE MATERIA
Término de materia o nombre geográfico como elemento de entrada Cambios climáticos-
Subdivisión general Aspectos ambientales.
9 (RLIN) 152134
650 #4 - PUNTO DE ACCESO ADICIONAL DE MATERIA--TÉRMINO DE MATERIA
Término de materia o nombre geográfico como elemento de entrada Ozono-
Subdivisión general Aspectos ambientales-
Subdivisión geográfica España.
9 (RLIN) 155498
852 ## - LOCALIZACIÓN
Ubicación ES-MaACL
Número de control de estantería A-13245
itemnumber 123181
Sublocalización o colección R.150107
Ubicación en estantería Depósito 1
Signatura antigua Olim: N-6245
Donativo/Legado Donación: Federico Velázquez de Castro González
903 ## - NOMBRE PERSONAL DE DONANTE
a Velázquez de Castro González, Federico,
d 1949-
e Donante
9 155482
942 ## - ELEMENTOS DE ENTRADA SECUNDARIOS (KOHA)
Fuente del sistema de clasificación o colocación Clasificación decimal universal
Tipo de ítem Koha Libro impreso
Holdings
Estatus retirado Estado de pérdida Fuente del sistema de clasificación o colocación Estado de daño No para préstamo Biblioteca de origen Biblioteca actual Ubicación en estantería Fecha de adquisición Fuente de adquisición Total de préstamos Signatura topográfica completa Código de barras Visto por última vez Precio de reemplazo Tipo de ítem Koha
    Clasificación decimal universal     Biblioteca del Ateneo de Madrid Biblioteca del Ateneo de Madrid Depósito 1 17/01/2008 Donación   A-13245 1123893 23/02/2023 23/02/2023 Libro impreso